Pokémon fusionnés avec Zoroark - Statistiques

Statistiques générales
  • Ce quiz a été pris 182 fois
  • Le résultat moyen est 12 sur 16
Statistiques - réponses
Par images Réponse % Correct
Dracolosse
99%
Tadmorv
93%
Jirachi
89%
Maganon
85%
Monaflémit
85%
Sharpedo
85%
Ponyta
84%
Malosse
81%
Baggiguane
76%
Chamallot
76%
Pyronille
76%
Chinchidou
72%
Excavarenne
68%
Archéodong
64%
Dispareptil
50%
Rongourmand
5%
Aucun quiz correspondant
Distribution des résultats
% des personnes avec chaque résultat
Percentile par nombre de réponses
Votre historique - résultats
Vous n’avez pas pris ce quiz